000 00220nam a2200097 a 4500
005 20201002040230.0
008 140127s1930 000 spa d
245 0 _aAnnals.
260 _aBarcelona,
_c1930.
999 _c42043
_d42043
040 _aDO-SdBNP